Responses for Show #4193 - Wednesday, November 20, 2002

2002 College Championship semifinal game 3.
From the Schottenstein Center at the Ohio State University in Columbus.

Contestants

[<< previous game]

Pat Mobley, a sophomore at the University of Michigan from Davenport, Iowa

Mark Kehres, a freshman at the Ohio State University from Livonia, Michigan

Katie Orphan, a freshman at Whitworth College from Reno, Nevada

[next game >>]

Jeopardy! Round responses

BIOLOGY TEST
SINGERS
HELOISE'S BEAUTY HINTS
1902
THE BIRDS & THE BEES
"SUB" STANDARD
    $200 6
mimicry

Pat
    $200 1
Beyonce Knowles

Katie
    $200 8
blush

Pat
    $200 23
(Alex: About a minute to go, Mark.)

Sir Arthur Conan Doyle

Mark
    $200 18
drone

Mark
    $200 9
subscriptions

Mark
    $400 7
insulin

Katie
    $400 2
Eminem

Katie
    $400 11
(Pat: What is beeswax?)

honey

KatiePat
    $1,000 24
Oxford University

Mark
    $400 19
fruit

Pat
    $400 10
subtraction

Katie
    $600 28
carnivorous

Katie
    $600 3
Bruce Springsteen

Mark
    $600 12
salt

Katie
    $600 25
Robert Peary

Mark
    $600 20
wax

Pat
    $600 14
the "Subway Series"

Mark
    $800 29
manatees

Pat
    $800 4
Brandy

Mark
    $800 13
mayonnaise

Pat
    $800 26
the Boer War

Mark
    $800 21
passenger pigeon

Mark
    $800 15
subsidy

Katie
    $1000 30
goose bumps

Pat
    $1000 5
India Arie

Mark
    $1000 16
sponge

Katie
    $1000 27
Oliver Wendell Holmes

Mark
    $1000 22
condor

Katie
    $1000 17
subcutaneous

Pat

Scores at the first commercial break (after clue 16):

Katie Mark Pat
$4,200 $3,200 $800

Scores at the end of the Jeopardy! Round:

Katie Mark Pat
$5,800 $7,800 $4,600

Double Jeopardy! Round responses

COLUMBUS
COLLEGE SPORTS
SOUTH DAKOTA
WORLD LIT
DRUGS
JUST SAY "NO"
    $400 26
spotting land

Pat
    $400 1
Southern California (USC)

Katie
    $400 21
coyote

Mark
    $400 2
Arthur C. Clarke

Mark
    $400 16
penicillin

Mark
    $400 11
nose job

Katie
    $800 27
clothing

Mark
    $800 7
fencing

Mark
    $800 22
Pierre

Mark
    $800 3
Havana

Katie
    $800 17
stimulants

Mark
    $800 12
Nostradamus

Mark
    $1200 28
(Katie: What is England?)

Portugal

Katie
Triple Stumper
    $1200 8
Eric Crouch

Pat
    $1200 23
Black Hills

Mark
    $1200 4
Poland

Mark
    $1200 18
ibuprofen

Katie
    $1200 13
Nova Scotia

Katie
    $1600 29
Navidad

Mark
    $1600 9
Carl Lewis

Mark
    $1600 24
Tom Daschle

Pat
    $1600 5
Gabriel Garcia Marquez

Mark
    $1600 19
codeine

Pat
    $1600 14
no-load

Triple Stumper
    $2000 30
(Pat: What is a line of latitude?)

degree of longitude

Pat
Triple Stumper
    $2000 10
50

Mark
    $2000 25
Laura Ingalls Wilder

Mark
    $2000 6
Ivan Turgenev

Mark
    $7,400 20
(Pat: [Before wagering] I gotta do it...)
(Alex: You gotta do it...)
(Pat: True, please.)
...
(Pat: What is Advair?)

belladonna

Pat
    $8,600 15
"No man is an island"

Katie

Scores at the end of the Double Jeopardy! Round:

Katie Mark Pat
$17,200 $26,200 $0

[wagering suggestions for these scores]

Final Jeopardy! Round responses

AMERICANA
(Alex: What is stizo?)
(Katie: I knew I didn't have the right answer, so I told my friends I would write down "stizo r.i." as a shout-out!)
(Alex: Well, that's a very expensive tribute!)
KatieWhat is stizo
$17,200
MarkWhat is the Pledge of Allegiance?
$6,200
the Pledge of Allegiance

Final scores:

Katie Mark Pat
$0 $32,400 $0
2nd place: $5,000 Finalist 3rd place: $5,000

Game dynamics:

Coryat scores:

Katie Mark Pat
$10,600 $25,600 $7,400
16 R
(including 1 DD),
1 W
28 R
(including 1 DD),
0 W
12 R,
3 W
(including 1 DD)

Combined Coryat: $43,600

[game clues] [game scores] [suggest correction]

Game tape date: 2002-10-06
The J! Archive is created by fans, for fans. Scraping, republication, monetization, and malicious use prohibited; this site may use cookies and collect identifying information. See terms. The Jeopardy! game show and all elements thereof, including but not limited to copyright and trademark thereto, are the property of Jeopardy Productions, Inc. and are protected under law. This website is not affiliated with, sponsored by, or operated by Jeopardy Productions, Inc. Join the discussion at JBoard.tv.